First Countries to enter the new year. - Statistics

General Stats
  • This quiz has been taken 11 times
  • The average score is 9 of 10
Answer Stats
Hint Answer % Correct
5 Australia
100%
4 New Zealand
100%
7 Japan
91%
1 Kiribati
91%
6 Russia
91%
9 China
82%
2 Samoa
82%
10 Philippines
73%
8 South Korea
73%
3 Tonga
73%
No matching quizzes found
Score Distribution
Percent of People with Each Score
Percentile by Number Answered
Your Score History
You have not taken this quiz